En busca de una política integral contra las drogas: los obstáculos fundamentales /

Gardado en:
Detalles Bibliográficos
Autor Principal: Cháves, Paul
Formato: Texto
Materias:
Etiquetas: Engadir etiqueta
Sen Etiquetas, Sexa o primeiro en etiquetar este rexistro!

MARC

LEADER 00000 a a2200000 04500
001 5009
003
040
100 |a Cháves, Paul  
245 |a En busca de una política integral contra las drogas:   |b los obstáculos fundamentales /  |c Paul Cháves 
650 |a DROGAS DE USO INDEBIDO  
650 |a POLITICA SOCIAL  
650 |a ESTEREOTIPOS  
650 |a LUCHA CONTRA LAS DROGAS  
773 |g número 41; páginas 8-18  
999 |c 20666  |d 20666